El arte de la guerra /

Novela gráfica que se inspira en el famoso tratado chino de Sun Tzu, pero en código futurista.

Gespeichert in:
Bibliographische Detailangaben
1. Verfasser: Roman, Kelly (autor)
Weitere Verfasser: DeWeese, Michael (ilustración) (ilustración)
Format: Buch
Sprache:Spanisch
Veröffentlicht: México : Aguilar, 2013, c2013
Schlagworte:
Tags: Tag hinzufügen
Keine Tags, Fügen Sie das erste Tag hinzu!

MARC

LEADER 00000nam^a2200000^a^4500
001 000338054
005 20250521000000.0
008 120306 20132013
009 20260310114346.877
020 |a 978-607-11-2611-5 
037 |a Acervo ITESO - Biblioteca 
041 |a GRA 
041 |a ESP 
082 |a 808. 83929  |b ROM 
100 |a Roman, Kelly  |e (autor) 
240 1 4 |a [El arte de la guerra] 
240 1 4 |a [El arte de la guerra. Adaptaciones] 
245 1 3 |a El arte de la guerra /  |c K. Roman ; il. de M. DeWeese ; tr. por Darío Giménez Imirizaldu. 
264 4 |a México :  |b Aguilar,  |c 2013, c2013 
300 |a 346 p. 
336 |a texto  |b txt  |2 rdacontenido 
337 |a sin mediación  |b n  |2 rdamedio 
338 |a volumen  |b nc  |2 rdasoporte 
500 |a Traducción de: The Art of War. A Graphic Novel 
500 |a Basado en: En el arte de la guerra, de Sun Tzu 
520 |a Novela gráfica que se inspira en el famoso tratado chino de Sun Tzu, pero en código futurista. 
546 |a Edición gráfica con texto en español 
649 |a XX 
650 |a Novela Gráfica -  |z EUA 
650 |a Novela Norteamericana 
650 |a Historietas y Caricaturas Norteamericanas 
650 |a Literatura Norteamericana -  |y Siglo XXI 
650 |a Ensayos Chinos -  |x Adaptaciones para Novela Gráfica 
650 |a Literatura China -  |y Siglo VI a.C. -  |x Adaptaciones para Novela Gráfica 
650 |a Guerra y Paz en la Literatura 
650 |a Guerra y Paz -  |x Tema Principal 
700 |a DeWeese, Michael  |e (ilustración) 
910 |a Fondo General 
920 |a Impresos - Libros 
930 |a Colección General 
940 |a Literatura 
905 |a 101 
901 |a 0500227900  |b IT1  |c LIT  |i C139610  |u 20250521 
902 |a https://opac.biblio.iteso.mx/vufind/Record/000338054